<?xml version="1.0" encoding="UTF-8"?>
<record
    xmlns:xsi="http://www.w3.org/2001/XMLSchema-instance"
    xsi:schemaLocation="http://www.loc.gov/MARC21/slim http://www.loc.gov/standards/marcxml/schema/MARC21slim.xsd"
    xmlns="http://www.loc.gov/MARC21/slim">

  <leader>01041nas a2200277 454500</leader>
  <controlfield tag="001">44640</controlfield>
  <controlfield tag="005">20260407193511.0</controlfield>
  <controlfield tag="008">260407s1988####ag###########|||spa#d</controlfield>
  <controlfield tag="003">AR-UNSa-BCEJYS</controlfield>
  <datafield tag="040" ind1=" " ind2=" ">
    <subfield code="a">AR-UNSa-BCEJYS</subfield>
    <subfield code="b">spa</subfield>
    <subfield code="c">AR-UNSa-BCEJYS</subfield>
  </datafield>
  <datafield tag="080" ind1=" " ind2=" ">
    <subfield code="a">338.45</subfield>
    <subfield code="x">Industria como sector econ&#xF3;mico. Producci&#xF3;n comercial, industrial </subfield>
  </datafield>
  <datafield tag="245" ind1="1" ind2="0">
    <subfield code="a">Producci&#xF3;n y utilizaci&#xF3;n de la capacidad instalada en el sector industrial</subfield>
    <subfield code="p">estudio de coyuntura</subfield>
  </datafield>
  <datafield tag="022" ind1=" " ind2=" ">
    <subfield code="a">0325-1020</subfield>
  </datafield>
  <datafield tag="264" ind1=" " ind2="1">
    <subfield code="a">Buenos Aires :</subfield>
    <subfield code="b">UADE (Universidad Argentina de la Empresa)</subfield>
    <subfield code="c">1988</subfield>
  </datafield>
  <datafield tag="310" ind1=" " ind2=" ">
    <subfield code="a">Frecuencia: Mensual</subfield>
  </datafield>
  <datafield tag="041" ind1=" " ind2=" ">
    <subfield code="a">spa</subfield>
  </datafield>
  <datafield tag="942" ind1=" " ind2=" ">
    <subfield code="c">SER</subfield>
  </datafield>
  <datafield tag="590" ind1=" " ind2=" ">
    <subfield code="a">niveau_biblio:s niveau_hierar:1</subfield>
  </datafield>
  <datafield tag="100" ind1="1" ind2=" ">
    <subfield code="a">Universidad Argentina de la Empresa. Instituto de Econom&#xED;a</subfield>
  </datafield>
  <datafield tag="700" ind1="1" ind2=" ">
    <subfield code="a">Martelliti, Jos&#xE9; Angel</subfield>
  </datafield>
  <datafield tag="650" ind1=" " ind2=" ">
    <subfield code="a">Econom&#xED;a industrial</subfield>
  </datafield>
  <datafield tag="650" ind1=" " ind2=" ">
    <subfield code="a">Datos estad&#xED;sticos</subfield>
  </datafield>
  <datafield tag="650" ind1=" " ind2=" ">
    <subfield code="a">Producci&#xF3;n industrial</subfield>
  </datafield>
  <datafield tag="650" ind1=" " ind2=" ">
    <subfield code="a">BIENES DE CONSUMO</subfield>
  </datafield>
  <datafield tag="856" ind1="4" ind2="1">
    <subfield code="u">https://www.biblioeco.unsa.edu.ar/pmb/images/revistas/R21580.jpg</subfield>
    <subfield code="y">Imagen de portada</subfield>
    <subfield code="q">image/jpeg</subfield>
  </datafield>
  <datafield tag="999" ind1=" " ind2=" ">
    <subfield code="c">8926</subfield>
    <subfield code="d">8926</subfield>
  </datafield>
  <datafield tag="952" ind1=" " ind2=" ">
    <subfield code="0">0</subfield>
    <subfield code="1">0</subfield>
    <subfield code="4">0</subfield>
    <subfield code="7">0</subfield>
    <subfield code="a">BCEJYS</subfield>
    <subfield code="b">BCEJYS</subfield>
    <subfield code="c">13</subfield>
    <subfield code="d">1998-04-01</subfield>
    <subfield code="h">N&#xBA; 240 - abr. 1998</subfield>
    <subfield code="l">0</subfield>
    <subfield code="o">H338.45 PUC 240</subfield>
    <subfield code="p">R21609</subfield>
    <subfield code="r">2026-04-10 16:10:09</subfield>
    <subfield code="w">2026-04-10</subfield>
    <subfield code="y">RN</subfield>
  </datafield>
  <datafield tag="952" ind1=" " ind2=" ">
    <subfield code="0">0</subfield>
    <subfield code="1">0</subfield>
    <subfield code="4">0</subfield>
    <subfield code="7">0</subfield>
    <subfield code="a">BCEJYS</subfield>
    <subfield code="b">BCEJYS</subfield>
    <subfield code="c">13</subfield>
    <subfield code="d">1997-12-01</subfield>
    <subfield code="h">N&#xBA; 236 - dic. 1997</subfield>
    <subfield code="l">0</subfield>
    <subfield code="o">H338.45 PUC 236</subfield>
    <subfield code="p">R21608</subfield>
    <subfield code="r">2026-04-10 16:10:09</subfield>
    <subfield code="w">2026-04-10</subfield>
    <subfield code="y">RN</subfield>
  </datafield>
  <datafield tag="952" ind1=" " ind2=" ">
    <subfield code="0">0</subfield>
    <subfield code="1">0</subfield>
    <subfield code="4">0</subfield>
    <subfield code="7">0</subfield>
    <subfield code="a">BCEJYS</subfield>
    <subfield code="b">BCEJYS</subfield>
    <subfield code="c">13</subfield>
    <subfield code="d">1997-11-01</subfield>
    <subfield code="h">N&#xBA; 235 - nov. 1997</subfield>
    <subfield code="l">0</subfield>
    <subfield code="o">H338.45 PUC 235</subfield>
    <subfield code="p">R21607</subfield>
    <subfield code="r">2026-04-10 16:10:09</subfield>
    <subfield code="w">2026-04-10</subfield>
    <subfield code="y">RN</subfield>
  </datafield>
  <datafield tag="952" ind1=" " ind2=" ">
    <subfield code="0">0</subfield>
    <subfield code="1">0</subfield>
    <subfield code="4">0</subfield>
    <subfield code="7">0</subfield>
    <subfield code="a">BCEJYS</subfield>
    <subfield code="b">BCEJYS</subfield>
    <subfield code="c">13</subfield>
    <subfield code="d">1997-09-01</subfield>
    <subfield code="h">N&#xBA; 233 - sep. 1997</subfield>
    <subfield code="l">0</subfield>
    <subfield code="o">H338.45 PUC 233</subfield>
    <subfield code="p">R21606</subfield>
    <subfield code="r">2026-04-10 16:10:09</subfield>
    <subfield code="w">2026-04-10</subfield>
    <subfield code="y">RN</subfield>
  </datafield>
  <datafield tag="952" ind1=" " ind2=" ">
    <subfield code="0">0</subfield>
    <subfield code="1">0</subfield>
    <subfield code="4">0</subfield>
    <subfield code="7">0</subfield>
    <subfield code="a">BCEJYS</subfield>
    <subfield code="b">BCEJYS</subfield>
    <subfield code="c">13</subfield>
    <subfield code="d">1997-08-01</subfield>
    <subfield code="h">N&#xBA; 232 - ago. 1997</subfield>
    <subfield code="l">0</subfield>
    <subfield code="o">H338.45 PUC 232</subfield>
    <subfield code="p">R21605</subfield>
    <subfield code="r">2026-04-10 16:10:09</subfield>
    <subfield code="w">2026-04-10</subfield>
    <subfield code="y">RN</subfield>
  </datafield>
  <datafield tag="952" ind1=" " ind2=" ">
    <subfield code="0">0</subfield>
    <subfield code="1">0</subfield>
    <subfield code="4">0</subfield>
    <subfield code="7">0</subfield>
    <subfield code="a">BCEJYS</subfield>
    <subfield code="b">BCEJYS</subfield>
    <subfield code="c">13</subfield>
    <subfield code="d">1997-07-01</subfield>
    <subfield code="h">N&#xBA; 231 - jul. 1997</subfield>
    <subfield code="l">0</subfield>
    <subfield code="o">H338.45 PUC 231</subfield>
    <subfield code="p">R21604</subfield>
    <subfield code="r">2026-04-10 16:10:09</subfield>
    <subfield code="w">2026-04-10</subfield>
    <subfield code="y">RN</subfield>
  </datafield>
  <datafield tag="952" ind1=" " ind2=" ">
    <subfield code="0">0</subfield>
    <subfield code="1">0</subfield>
    <subfield code="4">0</subfield>
    <subfield code="7">0</subfield>
    <subfield code="a">BCEJYS</subfield>
    <subfield code="b">BCEJYS</subfield>
    <subfield code="c">13</subfield>
    <subfield code="d">1997-04-01</subfield>
    <subfield code="h">N&#xBA; 230 - abr. 1997</subfield>
    <subfield code="l">0</subfield>
    <subfield code="o">H338.45 PUC 230</subfield>
    <subfield code="p">R21603</subfield>
    <subfield code="r">2026-04-10 16:10:09</subfield>
    <subfield code="w">2026-04-10</subfield>
    <subfield code="y">RN</subfield>
  </datafield>
  <datafield tag="952" ind1=" " ind2=" ">
    <subfield code="0">0</subfield>
    <subfield code="1">0</subfield>
    <subfield code="4">0</subfield>
    <subfield code="7">0</subfield>
    <subfield code="a">BCEJYS</subfield>
    <subfield code="b">BCEJYS</subfield>
    <subfield code="c">13</subfield>
    <subfield code="d">1997-01-01</subfield>
    <subfield code="h">N&#xBA; 229 - ene. 1997</subfield>
    <subfield code="l">0</subfield>
    <subfield code="o">H338.45 PUC 229</subfield>
    <subfield code="p">R21602</subfield>
    <subfield code="r">2026-04-10 16:10:09</subfield>
    <subfield code="w">2026-04-10</subfield>
    <subfield code="y">RN</subfield>
  </datafield>
  <datafield tag="952" ind1=" " ind2=" ">
    <subfield code="0">0</subfield>
    <subfield code="1">0</subfield>
    <subfield code="4">0</subfield>
    <subfield code="7">0</subfield>
    <subfield code="a">BCEJYS</subfield>
    <subfield code="b">BCEJYS</subfield>
    <subfield code="c">13</subfield>
    <subfield code="d">1996-11-01</subfield>
    <subfield code="h">N&#xBA; 228 - nov. 1996</subfield>
    <subfield code="l">0</subfield>
    <subfield code="o">H338.45 PUC 228</subfield>
    <subfield code="p">R21601</subfield>
    <subfield code="r">2026-04-10 16:10:09</subfield>
    <subfield code="w">2026-04-10</subfield>
    <subfield code="y">RN</subfield>
  </datafield>
  <datafield tag="952" ind1=" " ind2=" ">
    <subfield code="0">0</subfield>
    <subfield code="1">0</subfield>
    <subfield code="4">0</subfield>
    <subfield code="7">0</subfield>
    <subfield code="a">BCEJYS</subfield>
    <subfield code="b">BCEJYS</subfield>
    <subfield code="c">13</subfield>
    <subfield code="d">1996-10-01</subfield>
    <subfield code="h">N&#xBA; 227 - oct. 1996</subfield>
    <subfield code="l">0</subfield>
    <subfield code="o">H338.45 PUC 227</subfield>
    <subfield code="p">R21600</subfield>
    <subfield code="r">2026-04-10 16:10:09</subfield>
    <subfield code="w">2026-04-10</subfield>
    <subfield code="y">RN</subfield>
  </datafield>
  <datafield tag="952" ind1=" " ind2=" ">
    <subfield code="0">0</subfield>
    <subfield code="1">0</subfield>
    <subfield code="4">0</subfield>
    <subfield code="7">0</subfield>
    <subfield code="a">BCEJYS</subfield>
    <subfield code="b">BCEJYS</subfield>
    <subfield code="c">13</subfield>
    <subfield code="d">1996-08-01</subfield>
    <subfield code="h">N&#xBA; 226 - ago. 1996</subfield>
    <subfield code="l">0</subfield>
    <subfield code="o">H338.45 PUC 226</subfield>
    <subfield code="p">R21599</subfield>
    <subfield code="r">2026-04-10 16:10:09</subfield>
    <subfield code="w">2026-04-10</subfield>
    <subfield code="y">RN</subfield>
  </datafield>
  <datafield tag="952" ind1=" " ind2=" ">
    <subfield code="0">0</subfield>
    <subfield code="1">0</subfield>
    <subfield code="4">0</subfield>
    <subfield code="7">0</subfield>
    <subfield code="a">BCEJYS</subfield>
    <subfield code="b">BCEJYS</subfield>
    <subfield code="c">13</subfield>
    <subfield code="d">1996-07-01</subfield>
    <subfield code="h">N&#xBA; 225 - jul. 1996</subfield>
    <subfield code="l">0</subfield>
    <subfield code="o">H338.45 PUC 225</subfield>
    <subfield code="p">R21598</subfield>
    <subfield code="r">2026-04-10 16:10:09</subfield>
    <subfield code="w">2026-04-10</subfield>
    <subfield code="y">RN</subfield>
  </datafield>
  <datafield tag="952" ind1=" " ind2=" ">
    <subfield code="0">0</subfield>
    <subfield code="1">0</subfield>
    <subfield code="4">0</subfield>
    <subfield code="7">0</subfield>
    <subfield code="a">BCEJYS</subfield>
    <subfield code="b">BCEJYS</subfield>
    <subfield code="c">13</subfield>
    <subfield code="d">1996-05-01</subfield>
    <subfield code="h">N&#xBA; 223 - mayo 1996</subfield>
    <subfield code="l">0</subfield>
    <subfield code="o">H338.45 PUC 223</subfield>
    <subfield code="p">R21597</subfield>
    <subfield code="r">2026-04-10 16:10:09</subfield>
    <subfield code="w">2026-04-10</subfield>
    <subfield code="y">RN</subfield>
  </datafield>
  <datafield tag="952" ind1=" " ind2=" ">
    <subfield code="0">0</subfield>
    <subfield code="1">0</subfield>
    <subfield code="4">0</subfield>
    <subfield code="7">0</subfield>
    <subfield code="a">BCEJYS</subfield>
    <subfield code="b">BCEJYS</subfield>
    <subfield code="c">13</subfield>
    <subfield code="d">1996-03-01</subfield>
    <subfield code="h">N&#xBA; 221 - mar. 1996</subfield>
    <subfield code="l">0</subfield>
    <subfield code="o">H338.45 PUC 221</subfield>
    <subfield code="p">R21596</subfield>
    <subfield code="r">2026-04-10 16:10:09</subfield>
    <subfield code="w">2026-04-10</subfield>
    <subfield code="y">RN</subfield>
  </datafield>
  <datafield tag="952" ind1=" " ind2=" ">
    <subfield code="0">0</subfield>
    <subfield code="1">0</subfield>
    <subfield code="4">0</subfield>
    <subfield code="7">0</subfield>
    <subfield code="a">BCEJYS</subfield>
    <subfield code="b">BCEJYS</subfield>
    <subfield code="c">13</subfield>
    <subfield code="d">1995-12-01</subfield>
    <subfield code="h">N&#xBA; 219 - dic. 1995</subfield>
    <subfield code="l">0</subfield>
    <subfield code="o">H338.45 PUC 219</subfield>
    <subfield code="p">R21595</subfield>
    <subfield code="r">2026-04-10 16:10:09</subfield>
    <subfield code="w">2026-04-10</subfield>
    <subfield code="y">RN</subfield>
  </datafield>
  <datafield tag="952" ind1=" " ind2=" ">
    <subfield code="0">0</subfield>
    <subfield code="1">0</subfield>
    <subfield code="4">0</subfield>
    <subfield code="7">0</subfield>
    <subfield code="a">BCEJYS</subfield>
    <subfield code="b">BCEJYS</subfield>
    <subfield code="c">13</subfield>
    <subfield code="d">1995-11-01</subfield>
    <subfield code="h">N&#xBA; 218 - nov. 1995</subfield>
    <subfield code="l">0</subfield>
    <subfield code="o">H338.45 PUC 218</subfield>
    <subfield code="p">R21594</subfield>
    <subfield code="r">2026-04-10 16:10:09</subfield>
    <subfield code="w">2026-04-10</subfield>
    <subfield code="y">RN</subfield>
  </datafield>
  <datafield tag="952" ind1=" " ind2=" ">
    <subfield code="0">0</subfield>
    <subfield code="1">0</subfield>
    <subfield code="4">0</subfield>
    <subfield code="7">0</subfield>
    <subfield code="a">BCEJYS</subfield>
    <subfield code="b">BCEJYS</subfield>
    <subfield code="c">13</subfield>
    <subfield code="d">1995-10-01</subfield>
    <subfield code="h">N&#xBA; 217 - oct. 1995</subfield>
    <subfield code="l">0</subfield>
    <subfield code="o">H338.45 PUC 217</subfield>
    <subfield code="p">R21593</subfield>
    <subfield code="r">2026-04-10 16:10:09</subfield>
    <subfield code="w">2026-04-10</subfield>
    <subfield code="y">RN</subfield>
  </datafield>
  <datafield tag="952" ind1=" " ind2=" ">
    <subfield code="0">0</subfield>
    <subfield code="1">0</subfield>
    <subfield code="4">0</subfield>
    <subfield code="7">0</subfield>
    <subfield code="a">BCEJYS</subfield>
    <subfield code="b">BCEJYS</subfield>
    <subfield code="c">13</subfield>
    <subfield code="d">1995-09-01</subfield>
    <subfield code="h">N&#xBA; 216 - sep. 1995</subfield>
    <subfield code="l">0</subfield>
    <subfield code="o">H338.45 PUC 216</subfield>
    <subfield code="p">R21591</subfield>
    <subfield code="r">2026-04-10 16:10:09</subfield>
    <subfield code="w">2026-04-10</subfield>
    <subfield code="y">RN</subfield>
  </datafield>
  <datafield tag="952" ind1=" " ind2=" ">
    <subfield code="0">0</subfield>
    <subfield code="1">0</subfield>
    <subfield code="4">0</subfield>
    <subfield code="7">0</subfield>
    <subfield code="a">BCEJYS</subfield>
    <subfield code="b">BCEJYS</subfield>
    <subfield code="c">13</subfield>
    <subfield code="d">1995-08-01</subfield>
    <subfield code="h">N&#xBA; 215 - ago. 1995</subfield>
    <subfield code="l">0</subfield>
    <subfield code="o">H338.45 PUC 215</subfield>
    <subfield code="p">R21590</subfield>
    <subfield code="r">2026-04-10 16:10:09</subfield>
    <subfield code="w">2026-04-10</subfield>
    <subfield code="y">RN</subfield>
  </datafield>
  <datafield tag="952" ind1=" " ind2=" ">
    <subfield code="0">0</subfield>
    <subfield code="1">0</subfield>
    <subfield code="4">0</subfield>
    <subfield code="7">0</subfield>
    <subfield code="a">BCEJYS</subfield>
    <subfield code="b">BCEJYS</subfield>
    <subfield code="c">13</subfield>
    <subfield code="d">1995-07-01</subfield>
    <subfield code="h">N&#xBA; 214 - jul. 1995</subfield>
    <subfield code="l">0</subfield>
    <subfield code="o">H338.45 PUC 214</subfield>
    <subfield code="p">R21592</subfield>
    <subfield code="r">2026-04-10 16:10:09</subfield>
    <subfield code="w">2026-04-10</subfield>
    <subfield code="y">RN</subfield>
  </datafield>
  <datafield tag="952" ind1=" " ind2=" ">
    <subfield code="0">0</subfield>
    <subfield code="1">0</subfield>
    <subfield code="4">0</subfield>
    <subfield code="7">0</subfield>
    <subfield code="a">BCEJYS</subfield>
    <subfield code="b">BCEJYS</subfield>
    <subfield code="c">13</subfield>
    <subfield code="d">1995-05-01</subfield>
    <subfield code="h">N&#xBA; 213 - mayo 1995</subfield>
    <subfield code="l">0</subfield>
    <subfield code="o">H338.45 PUC 213</subfield>
    <subfield code="p">R21589</subfield>
    <subfield code="r">2026-04-10 16:10:09</subfield>
    <subfield code="w">2026-04-10</subfield>
    <subfield code="y">RN</subfield>
  </datafield>
  <datafield tag="952" ind1=" " ind2=" ">
    <subfield code="0">0</subfield>
    <subfield code="1">0</subfield>
    <subfield code="4">0</subfield>
    <subfield code="7">0</subfield>
    <subfield code="a">BCEJYS</subfield>
    <subfield code="b">BCEJYS</subfield>
    <subfield code="c">13</subfield>
    <subfield code="d">1994-10-01</subfield>
    <subfield code="h">N&#xBA; 204 - oct. 1994</subfield>
    <subfield code="l">0</subfield>
    <subfield code="o">H338.45 PUC 207</subfield>
    <subfield code="p">R21588</subfield>
    <subfield code="r">2026-04-10 16:10:09</subfield>
    <subfield code="w">2026-04-10</subfield>
    <subfield code="y">RN</subfield>
  </datafield>
  <datafield tag="952" ind1=" " ind2=" ">
    <subfield code="0">0</subfield>
    <subfield code="1">0</subfield>
    <subfield code="4">0</subfield>
    <subfield code="7">0</subfield>
    <subfield code="a">BCEJYS</subfield>
    <subfield code="b">BCEJYS</subfield>
    <subfield code="c">13</subfield>
    <subfield code="d">1994-06-01</subfield>
    <subfield code="h">N&#xBA; 203 - jun. 1994</subfield>
    <subfield code="l">0</subfield>
    <subfield code="o">H338.45 PUC 203</subfield>
    <subfield code="p">R21587</subfield>
    <subfield code="r">2026-04-10 16:10:09</subfield>
    <subfield code="w">2026-04-10</subfield>
    <subfield code="y">RN</subfield>
  </datafield>
  <datafield tag="952" ind1=" " ind2=" ">
    <subfield code="0">0</subfield>
    <subfield code="1">0</subfield>
    <subfield code="4">0</subfield>
    <subfield code="7">0</subfield>
    <subfield code="a">BCEJYS</subfield>
    <subfield code="b">BCEJYS</subfield>
    <subfield code="c">13</subfield>
    <subfield code="d">1994-05-01</subfield>
    <subfield code="h">N&#xBA; 202 - mayo 1994</subfield>
    <subfield code="l">0</subfield>
    <subfield code="o">H338.45 PUC 202</subfield>
    <subfield code="p">R21586</subfield>
    <subfield code="r">2026-04-10 16:10:09</subfield>
    <subfield code="w">2026-04-10</subfield>
    <subfield code="y">RN</subfield>
  </datafield>
  <datafield tag="952" ind1=" " ind2=" ">
    <subfield code="0">0</subfield>
    <subfield code="1">0</subfield>
    <subfield code="4">0</subfield>
    <subfield code="7">0</subfield>
    <subfield code="a">BCEJYS</subfield>
    <subfield code="b">BCEJYS</subfield>
    <subfield code="c">13</subfield>
    <subfield code="d">1994-05-01</subfield>
    <subfield code="h">N&#xBA; 201 - mayo 1994</subfield>
    <subfield code="l">0</subfield>
    <subfield code="o">H338.45 PUC 201</subfield>
    <subfield code="p">R21585</subfield>
    <subfield code="r">2026-04-10 16:10:09</subfield>
    <subfield code="w">2026-04-10</subfield>
    <subfield code="y">RN</subfield>
  </datafield>
  <datafield tag="952" ind1=" " ind2=" ">
    <subfield code="0">0</subfield>
    <subfield code="1">0</subfield>
    <subfield code="4">0</subfield>
    <subfield code="7">0</subfield>
    <subfield code="a">BCEJYS</subfield>
    <subfield code="b">BCEJYS</subfield>
    <subfield code="c">13</subfield>
    <subfield code="d">1994-04-01</subfield>
    <subfield code="h">N&#xBA; 200 - abr. 1994</subfield>
    <subfield code="l">0</subfield>
    <subfield code="o">H338.45 PUC 200</subfield>
    <subfield code="p">R21584</subfield>
    <subfield code="r">2026-04-10 16:10:09</subfield>
    <subfield code="w">2026-04-10</subfield>
    <subfield code="y">RN</subfield>
  </datafield>
  <datafield tag="952" ind1=" " ind2=" ">
    <subfield code="0">0</subfield>
    <subfield code="1">0</subfield>
    <subfield code="4">0</subfield>
    <subfield code="7">0</subfield>
    <subfield code="a">BCEJYS</subfield>
    <subfield code="b">BCEJYS</subfield>
    <subfield code="c">13</subfield>
    <subfield code="d">1989-08-01</subfield>
    <subfield code="h">N&#xBA; 150 - ago. 1989</subfield>
    <subfield code="l">0</subfield>
    <subfield code="o">H338.45 PUC 150</subfield>
    <subfield code="p">R21583</subfield>
    <subfield code="r">2026-04-10 16:10:09</subfield>
    <subfield code="w">2026-04-10</subfield>
    <subfield code="y">RN</subfield>
  </datafield>
  <datafield tag="952" ind1=" " ind2=" ">
    <subfield code="0">0</subfield>
    <subfield code="1">0</subfield>
    <subfield code="4">0</subfield>
    <subfield code="7">0</subfield>
    <subfield code="a">BCEJYS</subfield>
    <subfield code="b">BCEJYS</subfield>
    <subfield code="c">13</subfield>
    <subfield code="d">1989-07-15</subfield>
    <subfield code="h">N&#xBA; 149 - jul. 1989</subfield>
    <subfield code="l">0</subfield>
    <subfield code="o">H338.45 PUC 149</subfield>
    <subfield code="p">R21582</subfield>
    <subfield code="r">2026-04-10 16:10:09</subfield>
    <subfield code="w">2026-04-10</subfield>
    <subfield code="y">RN</subfield>
  </datafield>
  <datafield tag="952" ind1=" " ind2=" ">
    <subfield code="0">0</subfield>
    <subfield code="1">0</subfield>
    <subfield code="4">0</subfield>
    <subfield code="7">0</subfield>
    <subfield code="a">BCEJYS</subfield>
    <subfield code="b">BCEJYS</subfield>
    <subfield code="c">13</subfield>
    <subfield code="d">1989-07-01</subfield>
    <subfield code="h">N&#xBA; 148 - jul. 1989</subfield>
    <subfield code="l">0</subfield>
    <subfield code="o">H338.45 PUC 148</subfield>
    <subfield code="p">R21581</subfield>
    <subfield code="r">2026-04-10 16:10:09</subfield>
    <subfield code="w">2026-04-10</subfield>
    <subfield code="y">RN</subfield>
  </datafield>
  <datafield tag="952" ind1=" " ind2=" ">
    <subfield code="0">0</subfield>
    <subfield code="1">0</subfield>
    <subfield code="4">0</subfield>
    <subfield code="7">0</subfield>
    <subfield code="a">BCEJYS</subfield>
    <subfield code="b">BCEJYS</subfield>
    <subfield code="c">13</subfield>
    <subfield code="d">1988-11-01</subfield>
    <subfield code="h">N&#xBA; 141 - nov. 1988</subfield>
    <subfield code="l">0</subfield>
    <subfield code="o">H338.45 PUC 141</subfield>
    <subfield code="p">R21580</subfield>
    <subfield code="r">2026-04-10 16:10:09</subfield>
    <subfield code="w">2026-04-10</subfield>
    <subfield code="y">RN</subfield>
  </datafield>
</record>
